00649cam a22002051 4500001001300000003000400013005001700017008004100034010002200075025001900097050001900116082002300135110002700158245003800185260010600223300003100329350000800360650005800368999001700426sa 68006029 DLC20260227112513.0710915s1966 ii a 00010 eng  asa 68006029 //r85 aPL480:I-E-82980 aHJ4387.M9bA49 a354.54/87/0072421310aMysore (India : State)14aThe Mysore revenue survey manual.0 aBangalore,bPrinted by the Director of Print., Stationery and Publications at the Govt. Press,c1966. a2 v. in 1.billus.c21 cm. aRs8 0aLand value taxationzMysorexHandbooks, manuals, etc. c81080d81080